Inspecting pipeline installation ASCE Manual / (Record no. 532206)
[ view plain ]
| 000 -LEADER | |
|---|---|
| fixed length control field | 00311nam a22001337a 4500 |
| 003 - CONTROL NUMBER IDENTIFIER | |
| control field | NUST |
| 038 ## - RECORD CONTENT LICENSOR | |
| Staff Name | M.Ramzan |
| 082 ## - DEWEY DECIMAL CLASSIFICATION NUMBER | |
| Classification number | 621.8672 |
| Author Mark | ASCE |
| 100 ## - MAIN ENTRY--PERSONAL NAME | |
| Personal name | ASCE |
| 9 (RLIN) | 13229 |
| 245 ## - TITLE STATEMENT | |
| Title | Inspecting pipeline installation ASCE Manual / |
| 260 ## - PUBLICATION, DISTRIBUTION, ETC. | |
| Place of publication, distribution, etc. | Virginia: |
| Name of publisher, distributor, etc. | ASCE, |
| Date of publication, distribution, etc. | 2009. |
| 300 ## - PHYSICAL DESCRIPTION | |
| Extent | 2009 p, : |
| 942 ## - ADDED ENTRY ELEMENTS (KOHA) | |
| Source of classification or shelving scheme | |
| Koha item type | Book |
| Withdrawn status | Lost status | Source of classification or shelving scheme | Damaged status | Not for loan | Permanent Location | Current Location | Date acquired | Total Checkouts | Full call number | Barcode | Date last seen | Price effective from | Koha item type |
|---|---|---|---|---|---|---|---|---|---|---|---|---|---|
| School of Civil and Environmental Engineering (SCEE) | School of Civil and Environmental Engineering (SCEE) | 11/12/2019 | 621.8672 ASCE | NIT-9981 | 11/12/2019 | 11/12/2019 | Book |
